Účtovanie zásob tovaru vo vybranej účtovnej jednotke bakalárska práca

Guardado en:
Detalles Bibliográficos
Autor principal: Adámiková, Lucia
Autor Corporativo: Fakulta hospodárskej informatiky EU. Katedra účtovníctva a audítorstva
Otros Autores: Kadlečíková, Oľga, 1973-
Formato: Libro
Lenguaje:eslovaco
Publicado: Bratislava 2019
Etiquetas: Agregar Etiqueta
Sin Etiquetas, Sea el primero en etiquetar este registro!

MARC

LEADER 00000nbm a2200000 4500
001 0255960
005 20191219120124.5
041 0 |a slo 
044 |a SK 
245 1 0 |a Účtovanie zásob tovaru vo vybranej účtovnej jednotke  |b bakalárska práca  |c Lucia Adámiková ; školiteľ: Oľga Kadlečíková 
264 1 |a Bratislava  |c 2019 
300 |a 43 s. 
100 1 |a Adámiková, Lucia 
700 1 |a Kadlečíková, Oľga, 1973- 
710 2 |a Fakulta hospodárskej informatiky EU. Katedra účtovníctva a audítorstva